| 000 | 00388nam a2200145Ia 4500 | ||
|---|---|---|---|
| 008 | 231129s1986||||xx |||||||||||||| ||spa|| | ||
| 020 | _a958-602-174-2 | ||
| 040 | _bspa | ||
| 082 | _a641.51 H112c | ||
| 100 | _aHaas Robert | ||
| 245 | 0 | _aComa para ganar | |
| 260 | _c1986 | ||
| 264 | _aBogotá Colombia : Círculo de Lectores | ||
| 942 |
_2ddc _cBKS |
||
| 999 |
_c7400 _d7400 |
||